Rutas de atención para la protección integral y restablecimientos de los derechos de los menores infractores en contexto con el sistema de responsabilidad penal para adolescentes, en la ciudad de Cartagena de Indias, D. T. y C / (Registro nro. 3571)
[ vista simple ]
| 000 -LEADER | |
|---|---|
| fixed length control field | 03001nam a2200289 4500 |
| 001 - CONTROL NUMBER | |
| control field | 0000010934 |
| 003 - CONTROL NUMBER IDENTIFIER | |
| control field | CO-CtgCURN |
| 005 - DATE AND TIME OF LATEST TRANSACTION | |
| control field | 20250329165426.0 |
| 008 - FIXED-LENGTH DATA ELEMENTS--GENERAL INFORMATION | |
| fixed length control field | 180709s2018 000 0 eng d |
| 040 ## - CATALOGING SOURCE | |
| Original cataloging agency | CO-CtgCURN |
| Language of cataloging | spa |
| Transcribing agency | coctgcurn |
| 082 0# - DEWEY DECIMAL CLASSIFICATION NUMBER | |
| Classification number | DER 2018 |
| Item number | G516 |
| 100 1# - MAIN ENTRY--PERSONAL NAME | |
| Personal name | Giraldo Soto, Diego Alejandro. |
| 245 10 - TITLE STATEMENT | |
| Title | Rutas de atención para la protección integral y restablecimientos de los derechos de los menores infractores en contexto con el sistema de responsabilidad penal para adolescentes, en la ciudad de Cartagena de Indias, D. T. y C / |
| Statement of responsibility, etc. | Diego Alejandro Giraldo Soto; Jean Carlos Jiménez Torres; Asesor Juan Carlos Cabarcas Muñiz. |
| 260 ## - PUBLICATION, DISTRIBUTION, ETC. | |
| Place of publication, distribution, etc. | Cartagena de Indias : |
| Name of publisher, distributor, etc. | Corporación Universitaria Rafael Nuñez, |
| Date of publication, distribution, etc. | 2018. |
| 300 ## - PHYSICAL DESCRIPTION | |
| Extent | 152 h. |
| 336 ## - CONTENT TYPE | |
| Source | rdacontent |
| 337 ## - MEDIA TYPE | |
| Source | rdamedia |
| 338 ## - CARRIER TYPE | |
| Source | rdacarrier |
| 504 ## - BIBLIOGRAPHY, ETC. NOTE | |
| Bibliography, etc. note | Trabajo de grado (Derecho). Corporación Universitaria Rafael Nuñez. Facultad de Ciencias de Sociales y Humanas. Derecho, 2018. |
| 520 ## - SUMMARY, ETC. | |
| Summary, etc. | La modernización y la expansión de la sociedad hacen necesario un sistema jurídico más eficaz, rápido y conciso que agilicen la administración de justicia y generen conformidad para quienes lo utilizan, con el fin de garantizar el cumplimiento efectivo de los derechos de la población en general. La Ley 1098 de 2006 conocida como el Código de Infancia y Adolescencia establece los lineamientos, procedimientos, y planes estratégicos que se deben desarrollar cuando los niños, niñas y adolescente infringen la ley penal, estos tienen finalidad de salvaguardar la protección integral y el restablecimientos de los derechos constitucionales consagrado en la Constitución Política Nacional y en los tratados y convenios ratificados por Colombia en favor de la niñez, obedeciendo al principio de supremacía de los derechos de los menores. Los niños y niñas menores de 14 años de edad no son sujetos activo del derecho penal, a esto solo se le restablecen sus derechos a través de las actuaciones administrativa emanadas por las autoridades competentes a través de sanciones y amonestaciones que tienen un tratamiento pedagógico y protector. Caso contrario a los adolescentes mayores de 14 y menores de 18 años de edad, que son responsable de los hechos o actos que atente contra los bienes jurídicos tutelados por la ley penal, sino que también son civilmente responsable por los daños y perjuicios causados a sus víctimas. |
| 650 #0 - SUBJECT ADDED ENTRY--TOPICAL TERM | |
| Topical term or geographic name entry element | Derecho |
| Form subdivision | Tesis y disertaciones academicas. |
| 700 1# - ADDED ENTRY--PERSONAL NAME | |
| Personal name | Jiménez Torres, Jean Carlos. |
| 700 1# - ADDED ENTRY--PERSONAL NAME | |
| Personal name | Cabarcas Muñiz, Juan Carlos, |
| Titles and other words associated with a name | Asesor. |
| 856 ## - ELECTRONIC LOCATION AND ACCESS | |
| Uniform Resource Identifier | <a href="https://unicurn.sharepoint.com/:b:/s/biblioteca/EQHz9nvr5-tFixsQO405UlMBwvtHHa4B9MTKo5yY7Wlppw?e=2Ypyrm">https://unicurn.sharepoint.com/:b:/s/biblioteca/EQHz9nvr5-tFixsQO405UlMBwvtHHa4B9MTKo5yY7Wlppw?e=2Ypyrm</a> |
| Public note | Click aqui para ver el recurso en texto completo |
| 942 ## - ADDED ENTRY ELEMENTS (KOHA) | |
| Source of classification or shelving scheme | Dewey Decimal Classification |
| Koha item type | Trabajos de grado |
| Classification part | DER 2018 |
| Item part | G516 |
| Withdrawn status | Lost status | Source of classification or shelving scheme | Damaged status | Not for loan | Home library | Current library | Shelving location | Date acquired | Source of acquisition | Cost, normal purchase price | Inventory number | Total checkouts | Full call number | Barcode | Date last seen | Copy number | Price effective from | Koha item type |
|---|---|---|---|---|---|---|---|---|---|---|---|---|---|---|---|---|---|---|
| Dewey Decimal Classification | Miguel Henríquez Castañeda | Miguel Henríquez Castañeda | Trabajo de grado | 03/29/2025 | El autor | 350000.00 | 021509 | DER 2018 G516 | 021509 | 11/23/2018 | 1 | 11/23/2018 | Trabajos de grado |